Podział administracyjny Ukrainy - Statystyki

Ogólne statystyki
  • Ten quiz został rozwiązany 109 razy
  • Średni wynik to 14 z 25
Statystyki odpowiedzi
Odpowiedź % Poprawnych
Miasto wydzielone Kijów
98%
Obwód Kijowski
98%
Obwód Lwowski
95%
Obwód Doniecki
83%
Obwód Charkowski
79%
Obwód Ługański
76%
Obwód Wołyński
68%
Obwód Odeski
67%
Obwód Dniepropetrowski
62%
Obwód Zakarpacki
56%
Obwód Mikołajowski
54%
Obwód Sumski
54%
Obwód Winnicki
54%
Obwód Żytomierski
54%
Obwód Chersoński
48%
Obwód Tarnopolski
48%
Obwód Zaporoski
48%
Obwód Iwanofrankowski
44%
Obwód Chmielnicki
41%
Obwód Połtawski
41%
Obwód Rówieński
38%
Obwód Czernihowski
32%
Obwód Kirowohradzki
27%
Obwód Czerkaski
25%
Obwód Czerniowiecki
22%
Nie znaleziono quizów pasujących do podanych kryteriów
Rozkład punktacji
Procent ludzi z każdym wynikiem
Percentyl według liczby udzielonych odpowiedzi
Twoja historia wyników
Nie rozwiązałeś tego quizu